| 000 | 00000nam 2200000zi 4500 |
| 001 | 9.922059 |
| 003 | CaOODSP |
| 005 | 20230428141103 |
| 006 | m o d f |
| 007 | cr bn||||||||| |
| 008 | 230428t19801980onca o f000 0 fre d |
| 020 | |a0662511131 |q(bilingue ; |qimprimé) |
| 040 | |aCaOODSP|bfre|erda|cCaOODSP |
| 086 | 1 |aEn42-1/4-80-4F-PDF |
| 086 | 1 |aEn46-4/80-4 |
| 245 | 00|aAddition des produits de pompage des fosses septiques dans les décharges de déchets solides : |beffets sur les lessivats : résumé. |
| 264 | 1|a[Ottawa] : |bDirection des déchets, Service de la protection de l'environnement, Environnement Canada, |c1980. |
| 264 | 4|c©1980 |
| 300 | |a1 ressource en ligne (viii, 10 pages) : |billustrations. |
| 336 | |atexte|btxt|2rdacontent/fre |
| 337 | |ainformatique|bc|2rdamedia/fre |
| 338 | |aressource en ligne|bcr|2rdacarrier/fre |
| 490 | 1 |a[Série de rapports du Service de la protection de l'environnement] |
| 500 | |aPublié aussi en anglais sous le titre : Study of the effects of septic tank pumping additions on solid waste landfill leachates : a summary. |
| 500 | |a« SPE 4-EC-80-4. » |
| 500 | |a« Décembre 1980. » |
| 500 | |aÉdition numérisée de l'imprimé [par Environnement et changement climatique Canada]. |
| 650 | 6|aEaux usées|xÉvacuation dans le sol|xAspect de l'environnement. |
| 650 | 6|aDécharges contrôlées|xLixiviation. |
| 650 | 6|aGaz de décharge. |
| 710 | 1 |aCanada. |bService de la protection de l'environnement, |eorganisme de publication. |
| 710 | 1 |aCanada. |bDirection générale du contrôle des incidences environnementales. |bDirection de la gestion des déchets, |eorganisme de publication. |
| 830 | #0|aSérie de rapports du Service de la protection de l'environnement.|w(CaOODSP)9.866045 |
| 856 | 40|qPDF|s465 Ko|uhttps://publications.gc.ca/collections/collection_2023/eccc/en42/En42-1-4-80-4-fra.pdf |